| 000 | 00897nam a2200205Ii 4500 | ||
|---|---|---|---|
| 003 | JO-AjNU | ||
| 008 | 230605s9999||||xx |||||||||||||| ||und|| | ||
| 017 | _a2003/9/2443 | ||
| 040 |
_aJO-AjNU _bara _erda _cJO-AjNU |
||
| 041 | _aara | ||
| 050 | 1 | 4 | _aDS121.A446 2003 |
| 100 | 3 |
_aتاليف العامري، محمد اديب؛ اعداد وتقديم جميعان، محمد سلام ، اعداد وتقديم اللحام، ايمان احمد, _eauthor _949766 |
|
| 245 | 0 | 0 | _aشعاع النور: القدس العربية: عروبة فلسطين في التاريخ |
| 264 | 3 | 1 | _aعمان: امانة عمان الكبرى، 2003 |
| 300 |
_a384ص _bيشتمل على ملاحق من ص (371-380 ) |
||
| 336 |
_atext _btxt _2rdacontent |
||
| 337 |
_aunmediated _bn _2rdamedia |
||
| 338 |
_avolume _bnc _2rdacarrier |
||
| 650 | 4 |
_aالادباء العرب - تراجم- تاريخ _949767 |
|
| 999 |
_aA21880 _c25448 _d25448 |
||